PR-SOF-1505-INTELLIGENT DRIVING SYSTEM IDRIS I-II (Record no. 577641)

000 -LEADER
fixed length control field 00434nam a22001217a 4500
082 ## - DEWEY DECIMAL CLASSIFICATION NUMBER
Classification number PRO 220
100 ## - MAIN ENTRY--PERSONAL NAME
Personal name NS Ali Ahmad NS Asaad Irfan NS Hammad Asif NS Fajar Javed NS Zarqash Ahmed NS Muhammad Hassaan
9 (RLIN) 70746
245 ## - TITLE STATEMENT
Title PR-SOF-1505-INTELLIGENT DRIVING SYSTEM IDRIS I-II
260 ## - PUBLICATION, DISTRIBUTION, ETC.
Place of publication, distribution, etc. ISLAMABAD
Name of publisher, distributor, etc. NUST COLLEGE OF EME
Date of publication, distribution, etc. 2016
650 ## - SUBJECT ADDED ENTRY--TOPICAL TERM
Topical term or geographic name entry element DE-MTS-34
9 (RLIN) 70747
700 ## - ADDED ENTRY--PERSONAL NAME
Personal name SUPERVISOR Dr. Kunwar Faraz Ahmed Khan
9 (RLIN) 70748
942 ## - ADDED ENTRY ELEMENTS (KOHA)
Koha item type Continuing Resources
Holdings
Withdrawn status Lost status Damaged status Not for loan Permanent Location Current Location Shelving location Date acquired Total Checkouts Full call number Barcode Date last seen Price effective from Koha item type
        College of Electrical & Mechanical Engineering (CEME) College of Electrical & Mechanical Engineering (CEME) Reference 11/29/2019   PRO 220 PR-SOF-1505 06/28/2021 06/28/2021 Continuing Resources
© 2023 Central Library, National University of Sciences and Technology. All Rights Reserved.